| 000 | 00761nam a2200241 a 4500 | ||
|---|---|---|---|
| 001 | 000041414 | ||
| 005 | 20201002034852.0 | ||
| 008 | 131003s1998 sp 000 f spa d | ||
| 020 | _a9788472236554 | ||
| 040 |
_aDO-SdBNP _bspa _cBNPHU |
||
| 082 |
_aCh863.44 _bS479v, 1998 |
||
| 100 | 1 |
_aSepúlveda, Luís, _d1949- _912648 |
|
| 245 | 1 | 3 |
_aUn viejo que leia novelas de amor / _cLuis Sepúlveda. |
| 250 | _a41a ed. | ||
| 260 |
_aBarcelona : _bTusQuest, _c1998. |
||
| 300 |
_a137 p. ; _c21 cm. |
||
| 490 | 1 |
_aAndanzas _v180 |
|
| 500 | _aIncluye datos biográficos del autor en la solapa de la cubierta | ||
| 650 | 4 |
_aNovela chilena _93163 |
|
| 650 | 4 |
_aLiteratura chilena _93164 |
|
| 830 | 0 |
_aAndanzas _n180 _968080 |
|
| 910 | _aValidado. Control de calidad MFF | ||
| 999 |
_c40904 _d40904 |
||